UN Geoschemes by countries - Statistics

General Stats
  • This quiz has been taken 10 times
  • The average score is 83 of 196
Answers on the Map
Answers color-coded by a green-red scale on the quiz's map according to % correct below.
 
Answer Stats
Country Answern % Correct
Afghanistan Southern Asia
71%
Brazil South America
57%
Armenia Western Asia
57%
Azerbaijan Western Asia
57%
Bahrain Western Asia
57%
Cyprus Western Asia
57%
Georgia Western Asia
57%
Iraq Western Asia
57%
Jordan Western Asia
57%
Kuwait Western Asia
57%
Lebanon Western Asia
57%
Oman Western Asia
57%
Qatar Western Asia
57%
Saudi Arabia Western Asia
57%
Syria Western Asia
57%
Turkey Western Asia
57%
Yemen Western Asia
57%
Antigua and Barbuda Caribbean
43%
Bahamas Caribbean
43%
Barbados Caribbean
43%
Cuba Caribbean
43%
Dominica Caribbean
43%
Dominican Republic Caribbean
43%
Grenada Caribbean
43%
Haiti Caribbean
43%
Jamaica Caribbean
43%
Saint Kitts and Nevis Caribbean
43%
Saint Lucia Caribbean
43%
Saint Vincent and the Grenadines Caribbean
43%
Trinidad and Tobago Caribbean
43%
Belize Central America
43%
Costa Rica Central America
43%
El Salvador Central America
43%
Guatemala Central America
43%
Honduras Central America
43%
Nicaragua Central America
43%
Panama Central America
43%
Kazakhstan Central Asia
43%
Kyrgyzstan Central Asia
43%
Tajikistan Central Asia
43%
Turkmenistan Central Asia
43%
Uzbekistan Central Asia
43%
Burundi Eastern Africa
43%
Comoros Eastern Africa
43%
Djibouti Eastern Africa
43%
Eritrea Eastern Africa
43%
Ethiopia Eastern Africa
43%
Kenya Eastern Africa
43%
Madagascar Eastern Africa
43%
Malawi Eastern Africa
43%
Mauritius Eastern Africa
43%
Mozambique Eastern Africa
43%
Rwanda Eastern Africa
43%
Seychelles Eastern Africa
43%
Somalia Eastern Africa
43%
South Sudan Eastern Africa
43%
Tanzania Eastern Africa
43%
Uganda Eastern Africa
43%
China Eastern Asia
43%
Japan Eastern Asia
43%
Mongolia Eastern Asia
43%
North Korea Eastern Asia
43%
South Korea Eastern Asia
43%
Taiwan Eastern Asia
43%
Belarus Eastern Europe
43%
Bulgaria Eastern Europe
43%
Czech Republic Eastern Europe
43%
Estonia Eastern Europe
43%
Hungary Eastern Europe
43%
Latvia Eastern Europe
43%
Lithuania Eastern Europe
43%
Moldova Eastern Europe
43%
Poland Eastern Europe
43%
Romania Eastern Europe
43%
Russia Eastern Europe
43%
Slovakia Eastern Europe
43%
Ukraine Eastern Europe
43%
Federated States of Micronesia Micronesia
43%
Marshall Islands Micronesia
43%
Nauru Micronesia
43%
Palau Micronesia
43%
Canada North America
43%
Mexico North America
43%
United States North America
43%
Algeria Northern Africa
43%
Egypt Northern Africa
43%
Libya Northern Africa
43%
Morocco Northern Africa
43%
Sudan Northern Africa
43%
Tunisia Northern Africa
43%
Denmark Northern Europe
43%
Finland Northern Europe
43%
Iceland Northern Europe
43%
Ireland Northern Europe
43%
Norway Northern Europe
43%
Sweden Northern Europe
43%
United Kingdom Northern Europe
43%
Samoa Polynesia
43%
Tonga Polynesia
43%
Tuvalu Polynesia
43%
Argentina South America
43%
Bolivia South America
43%
Chile South America
43%
Colombia South America
43%
Ecuador South America
43%
Guyana South America
43%
Paraguay South America
43%
Peru South America
43%
Suriname South America
43%
Uruguay South America
43%
Venezuela South America
43%
Brunei Southeastern Asia
43%
Myanmar Southeastern Asia
43%
Cambodia Southeastern Asia
43%
East Timor Southeastern Asia
43%
Indonesia Southeastern Asia
43%
Laos Southeastern Asia
43%
Malaysia Southeastern Asia
43%
Singapore Southeastern Asia
43%
Thailand Southeastern Asia
43%
Vietnam Southeastern Asia
43%
Botswana Southern Africa
43%
Lesotho Southern Africa
43%
Namibia Southern Africa
43%
South Africa Southern Africa
43%
Eswatini Southern Africa
43%
Bangladesh Southern Asia
43%
Bhutan Southern Asia
43%
India Southern Asia
43%
Iran Southern Asia
43%
Maldives Southern Asia
43%
Nepal Southern Asia
43%
Pakistan Southern Asia
43%
Sri Lanka Southern Asia
43%
Albania Southern Europe
43%
Andorra Southern Europe
43%
Bosnia and Herzegovina Southern Europe
43%
Croatia Southern Europe
43%
Greece Southern Europe
43%
Italy Southern Europe
43%
Kosovo Southern Europe
43%
North Macedonia Southern Europe
43%
Malta Southern Europe
43%
Montenegro Southern Europe
43%
Portugal Southern Europe
43%
San Marino Southern Europe
43%
Serbia Southern Europe
43%
Slovenia Southern Europe
43%
Spain Southern Europe
43%
Vatican City Southern Europe
43%
Benin Western Africa
43%
Burkina Faso Western Africa
43%
Cameroon Western Africa
43%
Cape Verde Western Africa
43%
Ivory Coast Western Africa
43%
Gambia Western Africa
43%
Ghana Western Africa
43%
Guinea Western Africa
43%
Guinea-Bissau Western Africa
43%
Liberia Western Africa
43%
Mali Western Africa
43%
Mauritania Western Africa
43%
Niger Western Africa
43%
Nigeria Western Africa
43%
Senegal Western Africa
43%
Sierra Leone Western Africa
43%
Togo Western Africa
43%
United Arab Emirates Western Asia
43%
Austria Western Europe
43%
Belgium Western Europe
43%
France Western Europe
43%
Germany Western Europe
43%
Liechtenstein Western Europe
43%
Luxembourg Western Europe
43%
Monaco Western Europe
43%
Netherlands Western Europe
43%
Switzerland Western Europe
43%
Zambia Eastern Africa
29%
Zimbabwe Eastern Africa
29%
Fiji Melanesia
29%
Solomon Islands Melanesia
29%
Vanuatu Melanesia
29%
Kiribati Micronesia
29%
Angola Middle Africa
29%
Central African Republic Middle Africa
29%
Chad Middle Africa
29%
Democratic Republic of the Congo Middle Africa
29%
Equatorial Guinea Middle Africa
29%
Gabon Middle Africa
29%
Republic of the Congo Middle Africa
29%
São Tomé and Príncipe Middle Africa
29%
Philippines Southeastern Asia
29%
Australia Australia & New Zealand
14%
New Zealand Australia & New Zealand
14%
Papua New Guinea Melanesia
14%
Israel Western Europe
0%
No matching quizzes found
Score Distribution
Percent of People with Each Score
Percentile by Number Answered
Your Score History
You have not taken this quiz